banner-ar

DENTAL INFORMATION: INTEGRATING TECHNOLOGY INTO THE DENTAL ENVIRONMENT / (Record no. 21834)

MARC details
000 -الفاتح
حقل البيانات ثابتة الطول 00591nam a2200205Ia 4500
008 - عناصر البيانات ثابتة الطول - معلومات عامة
حقل البيانات ثابتة الطول 140319s9999 xx 000 0 eng d
040 ## - مصدر الفهرسة
وكالة الفهرسة الأصلية GCL /
وكالة النسخ GCL
082 04 - رقم تصنيف ديوى العشرى
رقم التصنيف 617.600285
رقم المادة A D
100 1# - المدخل الرئيسى - إسم شخصى
الإسم الشخصى ABLEY, LOUIS M.
245 10 - بيان العنوان
العنوان DENTAL INFORMATION: INTEGRATING TECHNOLOGY INTO THE DENTAL ENVIRONMENT /
بيان المسئوليه,etc ABLEY, LOUIS M.
700 1# - المدخل الاضافى - اسم شخصى
الإسم الشخصى ZIMMERMAN
260 ## - PUBLICATION, DISTRIBUTION, ETC. (IMPRINT)
تاريخ النشر أو التوزيع 1991
300 ## - الوصف المادى
التعداد 342 P
650 04 - المدخل الاضافى بالموضوع-مصطلح موضوعى
مصطلح موضوعي DENTISTRY
650 04 - المدخل الاضافى بالموضوع-مصطلح موضوعى
مصطلح موضوعي MEDICAL INFORMATION
650 04 - المدخل الاضافى بالموضوع-مصطلح موضوعى
مصطلح موضوعي DATA PROCESSING
650 04 - المدخل الاضافى بالموضوع-مصطلح موضوعى
مصطلح موضوعي MEDICAL INFORMATION APPLICATION
942 ## - عناصر المدخل الإضافي( كوها)
مصدر التصنيف او مخطط الترفيف Dewey Decimal Classification
Koha [default] item type كتاب
260 ## - PUBLICATION, DISTRIBUTION, ETC. (IMPRINT)
-- [S.N] :
-- SPRINGER - VERLAG ،
Holdings
حالة التراجع حالة الفقد حالة تلف ليس للاعارة المكان المؤقت الموقع الحالى تاريخ الاكتساب اجمالي اﻻعارات رقم الطلب الباركود تاريخ اخر مشاهدة تاريخ تفعيل السعر نوع وعاء كوها
        مكتبة القاهرة الكبرى مكتبة القاهرة الكبرى 03/26/2014   617.600285\A D 40021 03/26/2014 03/26/2014 كتاب

Powered By

EGPV